[Event "NCL978b White Rose-Wessex"]
[Site "Rd6"]
[Date "1998.01.25"]
[Round "6.3"]
[White "Potts, Alan"]
[Black "Yeo, Michael"]
[Result "1/2-1/2"]
[WhiteElo "2290"]
[BlackElo "2210"]
[PlyCount "80"]
[EventDate "1998.01.25"]
[Source "4NCL"]
[SourceDate "1998.01.01"]

1. e4 e5 2. Nf3 Nc6 3. Nc3 Nf6 4. d4 Bb4 5. Nxe5 O-O 6. a3 Bxc3+ 7. bxc3 Qe7 8.
Bd3 Nxe5 9. dxe5 Qxe5 10. O-O d6 11. h3 Nxe4 12. Re1 f5 13. Rb1 Qf6 14. Qf3 Rb8
15. Be3 b6 16. Bd4 Qf7 17. Bxe4 fxe4 18. Qxf7+ Rxf7 19. Rxe4 c5 20. Re8+ Rf8
21. Rxf8+ Kxf8 22. Be3 Bf5 23. Bf4 Rd8 24. Rd1 d5 25. Rd2 Kf7 26. Be5 Rd7 27.
f3 g6 28. Kf2 Ke7 29. Bh2 Be6 30. Ke3 Rb7 31. Kf4 Kf6 32. h4 h6 33. g4 g5+ 34.
Kg3 Rg7 35. hxg5+ hxg5 36. Bg1 Rh7 37. Rh2 Rxh2 38. Bxh2 Bf7 39. Kf2 b5 40. Bd6
c4 1/2-1/2

[Event "NCL978b White Rose-Wessex"]
[Site "Rd6"]
[Date "1998.01.25"]
[Round "6.4"]
[White "Neil, David"]
[Black "Barrett, Stephen"]
[Result "1/2-1/2"]
[WhiteElo "2265"]
[BlackElo "2240"]
[PlyCount "140"]
[EventDate "1998.01.25"]
[Source "4NCL"]
[SourceDate "1998.01.01"]

1. e4 c5 2. Nc3 e6 3. f4 Nc6 4. Nf3 d6 5. Bb5 Nge7 6. d3 a6 7. Bxc6+ Nxc6 8.
Be3 Be7 9. O-O O-O 10. Qe1 d5 11. Nd1 dxe4 12. dxe4 Nd4 13. Qf2 Nxf3+ 14. Qxf3
Bd7 15. Nf2 Bb5 16. Rfd1 Qc7 17. f5 exf5 18. exf5 Bc6 19. Qg4 Qe5 20. Bf4 Qxb2
21. Rab1 Qf6 22. Nd3 Rad8 23. Re1 Qd4+ 24. Kh1 Bf6 25. Qg3 Be4 26. Be3 Qc4 27.
Nxc5 Bxf5 28. Nxb7 Bh4 29. Qf4 Qxf4 30. Bxf4 Bxe1 31. Nxd8 Bh4 32. Nc6 Bxc2 33.
Rb6 Re8 34. h3 Bd3 35. Nb4 Bc4 36. Nxa6 g5 37. Bd6 Bf2 38. Rb8 Rxb8 39. Nxb8
Bxa2 40. Nc6 f6 41. Nb4 Bc4 42. g3 Kf7 43. Kg2 Bd4 44. Nc2 Bd5+ 45. Kh2 Be5 46.
Bc5 h5 47. Ne3 Bf3 48. Nc4 Bc7 49. Bd6 Bxd6 50. Nxd6+ Ke6 51. Nc4 Kd5 52. Nd2
Be2 53. Kg2 Kd4 54. Kf2 Bd1 55. Nf1 Ke4 56. Nd2+ Kd3 57. Nf1 Bb3 58. Ne3 Be6
59. h4 gxh4 60. gxh4 Ke4 61. Ng2 Bh3 62. Ne3 f5 63. Nc4 Kf4 64. Ne3 Ke5 65.
Nc4+ Ke4 66. Kg3 Bg4 67. Nd6+ Ke3 68. Nc4+ Kd3 69. Ne5+ Ke4 70. Ng6 Ke3 1/2-1/2

[Event "NCL978b White Rose-Wessex"]
[Site "Rd6"]
[Date "1998.01.25"]
[Round "6.5"]
[White "Gayson, Peter"]
[Black "Noyce, Robert"]
[Result "1-0"]
[WhiteElo "2240"]
[BlackElo "2175"]
[PlyCount "41"]
[EventDate "1998.01.25"]
[Source "4NCL"]
[SourceDate "1998.01.01"]

1. e4 d5 2. exd5 Nf6 3. Bb5+ Nbd7 4. Nf3 Nxd5 5. d4 c6 6. Be2 N7f6 7. O-O Bg4
8. Ne5 Bxe2 9. Qxe2 e6 10. c4 Nb6 11. Rd1 Be7 12. Nc3 O-O 13. Bf4 Bb4 14. Rd3
Bxc3 15. bxc3 Nfd7 16. Rh3 Nxe5 17. Qh5 h6 18. Bxh6 Ng6 19. Bc1 Re8 20. Qh7+
Kf8 21. Ba3+ 1-0

[Event "NCL978b White Rose-Wessex"]
[Site "Rd6"]
[Date "1998.01.25"]
[Round "6.6"]
[White "Simons, Martin"]
[Black "Tan, Desmond"]
[Result "0-1"]
[WhiteElo "2145"]
[BlackElo "2110"]
[PlyCount "100"]
[EventDate "1998.01.25"]
[Source "4NCL"]
[SourceDate "1998.01.01"]

1. e4 c5 2. d3 Nc6 3. g3 g6 4. Bg2 Bg7 5. f4 e6 6. Nd2 Nge7 7. Nh3 O-O 8. O-O
b6 9. g4 f5 10. gxf5 exf5 11. e5 d6 12. exd6 Qxd6 13. Nc4 Qc7 14. Re1 Rb8 15.
Ng5 b5 16. Ne3 Qd6 17. c3 h6 18. Qb3+ Kh8 19. Nh3 Be6 20. Qc2 Rbd8 21. Rd1 a6
22. Qf2 b4 23. Bd2 bxc3 24. Bxc3 Nd4 25. Nc4 Qd7 26. Rac1 Nd5 27. Ne5 Bxe5 28.
fxe5 f4 29. Bxd4 cxd4 30. Qxd4 Ne3 31. Qxd7 Rxd7 32. Re1 Nxg2 33. Kxg2 Rxd3 34.
Nf2 Rd2 35. Red1 Rfd8 36. a3 Kg8 37. b4 h5 38. Rxd2 Rxd2 39. Rd1 Bd5+ 40. Kg1
Rxd1+ 41. Nxd1 Kf7 42. Nf2 g5 43. Nd3 Bc4 44. Nc5 g4 45. a4 h4 46. a5 g3 47.
Ne4 Bd5 48. Nc5 f3 49. hxg3 hxg3 50. e6+ Ke7 0-1

[Event "NCL978b White Rose-Wessex"]
[Site "Rd6"]
[Date "1998.01.25"]
[Round "6.7"]
[White "Palliser, Richard"]
[Black "Brameld, Arthur"]
[Result "1-0"]
[WhiteElo "2165"]
[BlackElo "2072"]
[PlyCount "65"]
[EventDate "1998.01.25"]
[Source "4NCL"]
[SourceDate "1998.01.01"]

1. d4 Nf6 2. c4 e6 3. Nc3 c5 4. d5 exd5 5. cxd5 d6 6. e4 g6 7. Bd3 Bg7 8. Nge2
O-O 9. O-O Na6 10. Kh1 Nc7 11. f3 a6 12. a4 b6 13. Rb1 Nd7 14. b4 Ne5 15. Bc2
f5 16. bxc5 bxc5 17. exf5 Bxf5 18. Ne4 Qd7 19. N2g3 Rab8 20. Rxb8 Rxb8 21. Bh6
Bxe4 22. Nxe4 Rb4 23. Bxg7 Kxg7 24. Qa1 Rd4 25. Rd1 Rxd1+ 26. Qxd1 Qf7 27. Bb3
c4 28. Nxd6 Qf4 29. g3 Qxf3+ 30. Qxf3 Nxf3 31. Bxc4 Nd2 32. Ba2 Kf6 33. Nb7 1-0

[Event "NCL978b White Rose-Wessex"]
[Site "Rd6"]
[Date "1998.01.25"]
[Round "6.8"]
[White "Howard, Emily"]
[Black "Forbes, Cathy"]
[Result "0-1"]
[WhiteElo "2045"]
[BlackElo "2105"]
[PlyCount "46"]
[EventDate "1998.01.25"]
[Source "4NCL"]
[SourceDate "1998.01.01"]

1. e4 c5 2. c3 d5 3. exd5 Qxd5 4. d4 Nf6 5. Nf3 e6 6. Be3 Nc6 7. h3 cxd4 8.
cxd4 Bb4+ 9. Nc3 O-O 10. Be2 Rd8 11. O-O Qa5 12. Qc2 Bd7 13. Ne4 Be7 14. Nxf6+
Bxf6 15. Qe4 Nb4 16. a3 Nd5 17. Bd3 g6 18. Bg5 Bc6 19. Qh4 Bxg5 20. Nxg5 Nf6
21. Nxe6 Qd5 22. Nf4 Qxd4 23. Qg5 Nd5 0-1

[Event "NCL978b Nidum Kts-Barbican2"]
[Site "Rd6"]
[Date "1998.01.25"]
[Round "6.1"]
[White "Williams, Leighton"]
[Black "Twyble, Michael"]
[Result "1/2-1/2"]
[WhiteElo "2240"]
[BlackElo "2205"]
[PlyCount "28"]
[EventDate "1998.01.25"]
[Source "4NCL"]
[SourceDate "1998.01.01"]

1. d4 d5 2. c4 Nc6 3. Bf4 e5 4. dxe5 d4 5. a3 Nge7 6. Nf3 Ng6 7. g3 Bg4 8. Bg2
Qd7 9. Nbd2 O-O-O 10. b4 Qf5 11. h3 Bxf3 12. Bxf3 Ncxe5 13. Be4 Qe6 14. Bxe5
Nxe5 1/2-1/2

[Event "NCL978b Nidum Kts-Barbican2"]
[Site "Rd6"]
[Date "1998.01.25"]
[Round "6.2"]
[White "Sands, David"]
[Black "Walsh, Chris"]
[Result "1-0"]
[WhiteElo "2255"]
[BlackElo "2190"]
[PlyCount "91"]
[EventDate "1998.01.25"]
[Source "4NCL"]
[SourceDate "1998.01.01"]

1. d4 e6 2. c4 Nf6 3. Nc3 Bb4 4. Qc2 O-O 5. a3 Bxc3+ 6. Qxc3 Ne4 7. Qc2 f5 8.
Nh3 d6 9. f3 Nf6 10. e3 e5 11. dxe5 dxe5 12. Be2 f4 13. Nf2 fxe3 14. Bxe3 Qe7
15. O-O c5 16. b4 b6 17. bxc5 bxc5 18. Qa4 Qc7 19. Nd3 Nbd7 20. Rab1 a6 21. Rb2
Ra7 22. Qc2 Rb7 23. Rfb1 Re8 24. Nf2 Rxb2 25. Qxb2 Re6 26. Nd3 Ne8 27. f4 e4
28. Nf2 Nef6 29. g4 Ne8 30. Qc2 Bb7 31. Rd1 Rd6 32. Rxd6 Qxd6 33. Qb2 Bc6 34.
Qc3 Nc7 35. f5 Bb7 36. Qd2 Qe7 37. Bf4 Ne8 38. Kf1 Ne5 39. Qe3 Nf6 40. g5 Nfd7
41. Nxe4 Qf8 42. Nxc5 Qxf5 43. Nxb7 Ng6 44. Bd3 Qxf4+ 45. Qxf4 Nxf4 46. Be4 1-0

[Event "NCL978b Nidum Kts-Barbican2"]
[Site "Rd6"]
[Date "1998.01.25"]
[Round "6.3"]
[White "Long, Matthew"]
[Black "Kenworthy, Gary"]
[Result "0-1"]
[WhiteElo "2180"]
[BlackElo "2265"]
[PlyCount "48"]
[EventDate "1998.01.25"]
[Source "4NCL"]
[SourceDate "1998.01.01"]

1. e4 c5 2. Nc3 Nc6 3. Nge2 g6 4. d4 cxd4 5. Nxd4 Bg7 6. Be3 Nf6 7. Bc4 O-O 8.
O-O d6 9. h3 Bd7 10. Bb3 Na5 11. f4 Qb8 12. Qf3 Nxb3 13. axb3 b5 14. f5 e5 15.
fxe6 fxe6 16. Bf2 b4 17. Nce2 e5 18. Qd3 exd4 19. Nxd4 Qb7 20. Rae1 Rae8 21.
Qc4+ Kh8 22. Bh4 Nxe4 23. Rxf8+ Rxf8 24. Ne6 d5 0-1

[Event "NCL978b Nidum Kts-Barbican2"]
[Site "Rd6"]
[Date "1998.01.25"]
[Round "6.4"]
[White "Reuben, Stewart"]
[Black "Johnston, Dafydd"]
[Result "0-1"]
[WhiteElo "2265"]
[BlackElo "2099"]
[PlyCount "80"]
[EventDate "1998.01.25"]
[Source "4NCL"]
[SourceDate "1998.01.01"]

1. c4 c5 2. g3 Nc6 3. Bg2 g6 4. Nc3 Bg7 5. Nh3 d6 6. Nf4 Nf6 7. a3 O-O 8. Rb1
Bd7 9. b4 cxb4 10. axb4 Qc8 11. O-O Bg4 12. h3 Bf5 13. d3 g5 14. Nfd5 Bxh3 15.
Bxg5 Bxg2 16. Kxg2 Nxd5 17. Nxd5 f6 18. Bd2 e6 19. Nf4 Qd7 20. Rh1 f5 21. Rh2
e5 22. Nh3 f4 23. Ng5 Nd4 24. f3 Qf5 25. Ne4 fxg3 26. Rh3 Qe6 27. Rxg3 Rf5 28.
Kf2 Rh5 29. Qg1 Nf5 30. Rg5 Rh4 31. Qg2 Kh8 32. Rg1 Bh6 33. b5 Bxg5 34. Bxg5
Rxe4 35. fxe4 Nd4 36. Be3 Qf7+ 37. Ke1 Nc2+ 38. Kd2 Nxe3 39. Qg3 Nf1+ 40. Rxf1
Qxf1 0-1

[Event "NCL978b Nidum Kts-Barbican2"]
[Site "Rd6"]
[Date "1998.01.25"]
[Round "6.5"]
[White "Jones, Richard S"]
[Black "Tucker, Alex"]
[Result "0-1"]
[WhiteElo "2045"]
[BlackElo "2175"]
[PlyCount "50"]
[EventDate "1998.01.25"]
[Source "4NCL"]
[SourceDate "1998.01.01"]

1. e4 e6 2. d4 d5 3. Nd2 Nf6 4. e5 Nfd7 5. Bd3 c5 6. c3 Nc6 7. Ne2 cxd4 8. cxd4
f6 9. exf6 Nxf6 10. Nf3 Bd6 11. O-O O-O 12. Bg5 Qb6 13. b3 Kh8 14. Bh4 Bd7 15.
Bg3 Bxg3 16. hxg3 Rae8 17. Bc2 e5 18. dxe5 Nxe5 19. Nf4 Bg4 20. Rc1 Rd8 21. Re1
Rfe8 22. Nd3 Ne4 23. Re3 Nxf2 24. Kxf2 Nxf3 25. Qe2 Nh4 0-1

[Event "NCL978b Nidum Kts-Barbican2"]
[Site "Rd6"]
[Date "1998.01.25"]
[Round "6.6"]
[White "Williamson, Paul"]
[Black "Musson, Adam"]
[Result "1-0"]
[WhiteElo "2145"]
[BlackElo "2109"]
[PlyCount "189"]
[EventDate "1998.01.25"]
[Source "4NCL"]
[SourceDate "1998.01.01"]

1. d4 d5 2. c4 e6 3. Nc3 c6 4. cxd5 exd5 5. Qc2 Bd6 6. Nf3 Ne7 7. Bg5 f6 8. Bh4
Bf5 9. Qb3 Qb6 10. Qxb6 axb6 11. e3 Na6 12. Bxa6 Rxa6 13. O-O Kd7 14. a3 Rha8
15. Bg3 Nc8 16. Nh4 Be6 17. Nf3 Bxg3 18. hxg3 Nd6 19. Nd2 Bf5 20. f3 Bd3 21.
Rfe1 b5 22. Rac1 Nc4 23. Nxc4 bxc4 24. e4 dxe4 25. Nxe4 b6 26. Nd2 Ra4 27. Re3
Re8 28. Kf2 Rxe3 29. Kxe3 Ke6 30. Ne4 Ra8 31. Re1 Ra5 32. Kd2 Kd7 33. g4 h5 34.
Nf2 hxg4 35. Nxd3 cxd3 36. fxg4 Rd5 37. Kxd3 Rg5 38. Re4 f5 39. Rf4 fxg4 40. a4
g3 41. b4 Kd6 42. Kc3 Ke6 43. Kc4 b5+ 44. axb5 cxb5+ 45. Kd3 Kd5 46. Re4 Kd6
47. Rf4 Kd5 48. Rh4 g6 49. Rf4 Rf5 50. Rg4 Rf1 51. Rg5+ Kc6 52. Rxg6+ Kd5 53.
Rg5+ Kc6 54. Rxg3 Rd1+ 55. Ke4 Rb1 56. Rg6+ Kd7 57. Ke5 Rxb4 58. Rg7+ Kc8 59.
Kd5 Rb1 60. Kc6 Kd8 61. Rg8+ Ke7 62. d5 Rc1+ 63. Kxb5 Rb1+ 64. Kc4 Rc1+ 65. Kd4
Rd1+ 66. Ke4 Re1+ 67. Kf4 Rf1+ 68. Kg4 Rf2 69. g3 Rd2 70. Rg5 Kf6 71. Rf5+ Kg6
72. Re5 Rd4+ 73. Kf3 Kf6 74. Rh5 Kg6 75. g4 Rd1 76. Rf5 Rd4 77. Kg3 Kh6 78. Re5
Kg6 79. g5 Rd1 80. Kf4 Rf1+ 81. Ke3 Rd1 82. Ke4 Rd2 83. Re6+ Kxg5 84. Ke5 Ra2
85. Re7 Re2+ 86. Kd6 Rd2 87. Rf7 Kg6 88. Rf1 Rh2 89. Kc6 Kg5 90. d6 Rh6 91. Kc7
Rh2 92. d7 Rc2+ 93. Kd8 Rd2 94. Re1 Rh2 95. Ke7 1-0

[Event "NCL978b Nidum Kts-Barbican2"]
[Site "Rd6"]
[Date "1998.01.25"]
[Round "6.7"]
[White "Cleveland, Richard"]
[Black "Flower, David"]
[Result "1/2-1/2"]
[WhiteElo "2045"]
[BlackElo "2072"]
[PlyCount "108"]
[EventDate "1998.01.25"]
[Source "4NCL"]
[SourceDate "1998.01.01"]

1. d4 d6 2. Nf3 Bg4 3. e4 Nd7 4. Bc4 e6 5. O-O Be7 6. h3 Bh5 7. Qe2 c6 8. Bb3
Bxf3 9. Qxf3 d5 10. exd5 cxd5 11. Bf4 Ngf6 12. Nd2 O-O 13. c3 Qb6 14. Rab1 Bd6
15. Rfe1 Rfc8 16. g4 Bxf4 17. Qxf4 Nf8 18. Qg3 Ng6 19. Bc2 Qc7 20. Qxc7 Rxc7
21. Bxg6 hxg6 22. Re2 Ne8 23. Nf3 Nd6 24. Ne5 b5 25. a3 a5 26. Nd3 Rac8 27. f3
Nb7 28. Kf2 Nd8 29. Nc5 Nc6 30. b4 axb4 31. axb4 Ra8 32. Reb2 Nd8 33. Ke3 Nb7
34. Nxb7 Rxb7 35. Kd3 Rba7 36. Kd2 Kf8 37. h4 Ke7 38. g5 Rh8 39. Rh1 f6 40. f4
e5 41. dxe5 fxe5 42. fxe5 Ke6 43. Kd3 Rf7 44. Ra2 Rf3+ 45. Ke2 Rxc3 46. Ra6+
Kxe5 47. Rxg6 Ra8 48. Re1 Ra2+ 49. Kf1+ Kf5 50. Rxg7 Rf3+ 51. Kg1 Rg3+ 52. Kh1
Kg4 53. Rge7 Kxh4 54. g6 Rh3+ 1/2-1/2

[Event "NCL978b Nidum Kts-Barbican2"]
[Site "Rd6"]
[Date "1998.01.25"]
[Round "6.8"]
[White "Kieran, Rosalind"]
[Black "Wilson, Julie"]
[Result "1/2-1/2"]
[WhiteElo "2045"]
[BlackElo "1728"]
[PlyCount "59"]
[EventDate "1998.01.25"]
[Source "4NCL"]
[SourceDate "1998.01.01"]

1. e4 e6 2. d4 d5 3. e5 c5 4. c3 Nc6 5. Nf3 Bd7 6. Be2 Nge7 7. Na3 cxd4 8. cxd4
Nf5 9. Nc2 Be7 10. O-O Qb6 11. Bd3 O-O-O 12. a4 h6 13. Rb1 g5 14. b4 g4 15.
Nfe1 Ncxd4 16. Nxd4 Qxd4 17. Bb2 Qf4 18. Qc2+ Kb8 19. Bxf5 Rc8 20. Qd3 Qxf5 21.
Qxf5 exf5 22. e6 Bxa4 23. Bxh8 Rxh8 24. Nd3 Bc2 25. Rbe1 Bxd3 26. exf7 Be4 27.
f3 Bxb4 28. Re2 Bc5+ 29. Kh1 gxf3 30. gxf3 1/2-1/2

[Event "NCL978b Invicta2-Gwent Dragons"]
[Site "Rd6"]
[Date "1998.01.25"]
[Round "6.1"]
[White "Hanreck, Alan"]
[Black "Varley, Peter"]
[Result "1/2-1/2"]
[WhiteElo "2255"]
[BlackElo "2210"]
[PlyCount "41"]
[EventDate "1998.01.25"]
[Source "4NCL"]
[SourceDate "1998.01.01"]

1. c4 Nf6 2. Nc3 d5 3. cxd5 Nxd5 4. g3 c5 5. Bg2 Nc7 6. b3 e5 7. Bb2 Be7 8. Nf3
Nc6 9. O-O O-O 10. Ne1 Bd7 11. Nd3 f6 12. f4 exf4 13. Nxf4 Kh8 14. Rc1 Rb8 15.
Ncd5 Nxd5 16. Bxd5 Nb4 17. Bg2 Nxa2 18. Ra1 Nb4 19. Rxa7 Qb6 20. Ra1 Rbd8 21.
Bc3 1/2-1/2

[Event "NCL978b Invicta2-Gwent Dragons"]
[Site "Rd6"]
[Date "1998.01.25"]
[Round "6.2"]
[White "Saunders, Nigel"]
[Black "Alfred, Nathan"]
[Result "1/2-1/2"]
[WhiteElo "2135"]
[BlackElo "2225"]
[PlyCount "88"]
[EventDate "1998.01.25"]
[Source "4NCL"]
[SourceDate "1998.01.01"]

1. Nf3 Nf6 2. c4 g6 3. g3 Bg7 4. Bg2 O-O 5. d4 d6 6. O-O Nc6 7. Nc3 e5 8. d5
Ne7 9. Nd2 Ne8 10. e4 f5 11. b4 f4 12. c5 g5 13. Nc4 g4 14. f3 h5 15. Bd2 Ng6
16. Rc1 fxg3 17. hxg3 h4 18. fxg4 hxg3 19. Rxf8+ Bxf8 20. g5 Nf4 21. Bxf4 exf4
22. Qh5 Be7 23. e5 Ng7 24. Qf3 dxe5 25. Nxe5 Bxg5 26. Ne4 Bf5 27. Nxg5 Qxg5 28.
d6 cxd6 29. Qxb7 Rf8 30. Nf3 Qf6 31. Qd5+ Be6 32. Qxd6 Qb2 33. Qd2 Qxd2 34.
Nxd2 Nf5 35. Nf3 Ne3 36. c6 Nxg2 37. Kxg2 Bxa2 38. Ra1 Bd5 39. c7 Rc8 40. Rxa7
Kf7 41. b5 Ke7 42. b6 Kd7 43. b7 Bxb7 44. Rxb7 Rxc7 1/2-1/2

[Event "NCL978b Invicta2-Gwent Dragons"]
[Site "Rd6"]
[Date "1998.01.25"]
[Round "6.3"]
[White "Bibby, Simon"]
[Black "Powell, J Lloyd"]
[Result "0-1"]
[WhiteElo "2205"]
[BlackElo "2048"]
[PlyCount "76"]
[EventDate "1998.01.25"]
[Source "4NCL"]
[SourceDate "1998.01.01"]

1. e4 c5 2. Nf3 d6 3. d4 cxd4 4. Nxd4 Nf6 5. Nc3 a6 6. Bg5 e6 7. f4 Be7 8. Qf3
Qa5 9. O-O-O Bd7 10. e5 dxe5 11. fxe5 Nc6 12. Bxf6 gxf6 13. exf6 Qg5+ 14. Kb1
Qxf6 15. Qxf6 Bxf6 16. Nce2 O-O-O 17. Nf3 Ne5 18. Nxe5 Bxe5 19. Re1 Bc6 20. Nc1
Bd4 21. Re2 Rhg8 22. Nb3 Bb6 23. c4 Rg4 24. c5 Bc7 25. Nd2 Rgd4 26. Kc2 Bf4 27.
Nb1 Be4+ 28. Rxe4 Rxe4 29. Bd3 Re3 30. Bc4 f5 31. g3 Bc7 32. a3 Rd4 33. b3 f4
34. gxf4 Rxf4 35. Bd3 Rf2+ 36. Nd2 Bf4 37. Rd1 Rh3 38. Kc3 Bxd2+ 0-1

[Event "NCL978b Invicta2-Gwent Dragons"]
[Site "Rd6"]
[Date "1998.01.25"]
[Round "6.4"]
[White "Miles, Richard"]
[Black "Farndon, David"]
[Result "1/2-1/2"]
[WhiteElo "2089"]
[BlackElo "2250"]
[PlyCount "34"]
[EventDate "1998.01.25"]
[Source "4NCL"]
[SourceDate "1998.01.01"]

1. d4 e6 2. Nf3 c5 3. c4 cxd4 4. Nxd4 Nf6 5. g3 Bb4+ 6. Nc3 Ne4 7. Qd3 Nxc3 8.
bxc3 Bc5 9. Bg2 O-O 10. O-O Nc6 11. Nb3 Be7 12. Bf4 d6 13. Rfd1 e5 14. Bc1 Qc7
15. Ba3 Rd8 16. Bd5 Be6 17. Kg2 Rac8 1/2-1/2

[Event "NCL978b Invicta2-Gwent Dragons"]
[Site "Rd6"]
[Date "1998.01.25"]
[Round "6.5"]
[White "Griffiths, Paul V"]
[Black "Vaughan, David"]
[Result "1/2-1/2"]
[WhiteElo "2230"]
[BlackElo "2050"]
[PlyCount "84"]
[EventDate "1998.01.25"]
[Source "4NCL"]
[SourceDate "1998.01.01"]

1. c4 e6 2. Nc3 d5 3. d4 c5 4. cxd5 exd5 5. dxc5 Nf6 6. Be3 Nc6 7. Nf3 Bg4 8.
Nd4 Ne5 9. Bf4 Ng6 10. Bg5 Bxc5 11. h3 Be6 12. e3 O-O 13. Bd3 Ne5 14. Bc2 Bb4
15. O-O h6 16. Bh4 Re8 17. Nce2 Be7 18. Nxe6 fxe6 19. Nd4 Qb6 20. b3 Rac8 21.
Qe2 Ned7 22. Bg6 Red8 23. Rad1 Nc5 24. Nf3 Ncd7 25. Bb1 Re8 26. Rc1 Ba3 27.
Rxc8 Rxc8 {(Draw offer)} 28. Nd4 a6 29. Qf3 Qd6 30. Rd1 Rc1 31. Rxc1 Bxc1 32.
Qd1 Ba3 33. Qc2 Bc5 34. Bxf6 Nxf6 35. Nxe6 Bxe3 36. Qc8+ Kf7 37. fxe3 Qxe6 38.
Qxb7+ Kf8 39. Qb8+ Kf7 40. Qf4 Ke7 41. Bf5 Qc6 42. Qe5+ Kf7 1/2-1/2

[Event "NCL978b Invicta2-Gwent Dragons"]
[Site "Rd6"]
[Date "1998.01.25"]
[Round "6.6"]
[White "May, Frank"]
[Black "Connolly, Suzanne"]
[Result "1/2-1/2"]
[WhiteElo "2079"]
[BlackElo "2100"]
[PlyCount "98"]
[EventDate "1998.01.25"]
[Source "4NCL"]
[SourceDate "1998.01.01"]

1. d4 d5 2. Nf3 Nf6 3. Bg5 e6 4. e3 Be7 5. Bd3 Nbd7 6. Nbd2 b6 7. O-O Bb7 8. c3
h6 9. Bh4 O-O 10. Qb1 c5 11. b4 cxd4 12. cxd4 Rc8 13. a3 Bd6 14. Qb2 Qc7 15.
Rfc1 Qb8 16. Bg3 Bxg3 17. hxg3 Rxc1+ 18. Rxc1 Rc8 19. Rc2 Kf8 20. Qc1 Rxc2 21.
Qxc2 Qc8 22. Qxc8+ Bxc8 23. Kf1 Ke7 24. Ke2 Ne8 25. Nb1 Nd6 26. Nc3 Bb7 27. Nd2
Nb8 28. g4 Ba6 29. b5 Bb7 30. f3 Nd7 31. Na2 Nf6 32. Nb4 Kd7 33. Kf2 Nfe8 34.
Kg3 Nf6 35. Kf4 g5+ 36. Kg3 Nfe8 37. Kf2 Nf6 38. Ke2 Kc7 39. Kd1 Kd7 40. Kc2
Kc7 41. Kc3 Nd7 42. Nf1 Nf6 43. Ng3 Kd7 44. Be2 Kc7 45. a4 Kd7 46. Nf1 Kc7 47.
Nd2 Kd7 48. Nd3 Nfe8 49. Ne5+ Kc7 1/2-1/2

[Event "NCL978b Invicta2-Gwent Dragons"]
[Site "Rd6"]
[Date "1998.01.25"]
[Round "6.7"]
[White "Richards, Heather"]
[Black "Batey, Richard"]
[Result "1-0"]
[WhiteElo "1880"]
[BlackElo "2045"]
[PlyCount "51"]
[EventDate "1998.01.25"]
[Source "4NCL"]
[SourceDate "1998.01.01"]

1. e4 e5 2. Nf3 Nf6 3. d4 exd4 4. e5 Ne4 5. Qxd4 d5 6. exd6 Nxd6 7. Bd3 Nc6 8.
Qf4 g6 9. O-O Bg7 10. Re1+ Be6 11. Ng5 O-O 12. Nxe6 fxe6 13. Qg4 Qf6 14. Rf1
Ne5 15. Qg3 Nxd3 16. Qxd3 Nf5 17. c3 Rad8 18. Qc4 Nd6 19. Qxc7 Ne4 20. f3 Qh4
21. Qc4 Rd4 22. cxd4 Ng3 23. Qxe6+ Kh8 24. hxg3 Qxg3 25. Be3 Qh4 26. Qe4 1-0

[Event "NCL978b Invicta2-Gwent Dragons"]
[Site "Rd6"]
[Date "1998.01.25"]
[Round "6.8"]
[White "Thompsett, Heather"]
[Black "Stille, Alex"]
[Result "0-1"]
[WhiteElo "1094"]
[BlackElo "1840"]
[PlyCount "64"]
[EventDate "1998.01.25"]
[Source "4NCL"]
[SourceDate "1998.01.01"]

1. d4 g6 2. Nf3 Bg7 3. Bf4 Nf6 4. h3 c5 5. c3 Qb6 6. e3 Qxb2 7. Nbd2 O-O 8. Qc1
Qxc1+ 9. Rxc1 d6 10. Be2 Nc6 11. O-O Rd8 12. Rfd1 Bd7 13. a4 Rac8 14. Rb1 Na5
15. Bb5 Nd5 16. Rdc1 Nxf4 17. exf4 cxd4 18. cxd4 Rxc1+ 19. Rxc1 Rc8 20. Re1
Bxb5 21. axb5 e6 22. g3 Rc2 23. Rd1 Kf8 24. Kf1 h6 25. Ne1 Rc7 26. Nef3 Ke7 27.
Ke2 Rc3 28. Kf1 Kd7 29. Kg2 Rd3 30. Ne1 Rxd4 31. h4 Nb3 32. Nxb3 Rxd1 0-1

[Event "NCL978b Witney-Bristol2"]
[Site "Rd6"]
[Date "1998.01.25"]
[Round "6.1"]
[White "Cooksey, Paul"]
[Black "Moskovic, David"]
[Result "1-0"]
[WhiteElo "2185"]
[BlackElo "2220"]
[PlyCount "67"]
[EventDate "1998.01.25"]
[Source "4NCL"]
[SourceDate "1998.01.01"]

1. d4 Nf6 2. c4 g6 3. Nc3 Bg7 4. e4 d6 5. f3 O-O 6. Nge2 c5 7. Be3 Nc6 8. Qd2
e6 9. d5 Ne5 10. Ng3 exd5 11. cxd5 h5 12. Be2 h4 13. Nf1 Nh7 14. Qc2 f5 15. f4
Ng4 16. Bxg4 fxg4 17. Nd2 Bd7 18. O-O Qe7 19. Rae1 Bh6 20. e5 Bf5 21. Qb3 Bd3
22. Bxc5 dxc5 23. d6+ Qf7 24. e6 Qe8 25. d7 Qb8 26. e7+ c4 27. Nxc4 Bxf1 28.
Nb6+ Kh8 29. Nxa8 Qxf4 30. exf8=Q+ Bxf8 31. d8=Q g3 32. hxg3 hxg3 33. Ne4 Ng5
34. Qxg5 1-0

[Event "NCL978b Witney-Bristol2"]
[Site "Rd6"]
[Date "1998.01.25"]
[Round "6.2"]
[White "Collier, David"]
[Black "Headlong, Tim"]
[Result "1/2-1/2"]
[WhiteElo "2230"]
[BlackElo "2260"]
[PlyCount "43"]
[EventDate "1998.01.25"]
[Source "4NCL"]
[SourceDate "1998.01.01"]

1. d4 d5 2. Bg5 c6 3. e3 h6 4. Bh4 Qb6 5. b3 e5 6. c3 exd4 7. exd4 Be7 8. Bxe7
Nxe7 9. Bd3 O-O 10. Nf3 Bg4 11. O-O Nd7 12. Nbd2 Bh5 13. Qc2 Bg6 14. Rfe1 Rae8
15. Nh4 Bxd3 16. Qxd3 Qc7 17. Re3 Nc8 18. Rg3 Nd6 19. Qf3 f5 20. Rg6 f4 21. Qh5
Kh7 22. Rxg7+ 1/2-1/2

[Event "NCL978b Witney-Bristol2"]
[Site "Rd6"]
[Date "1998.01.25"]
[Round "6.3"]
[White "Haydon, Richard"]
[Black "Mordue, Tyson"]
[Result "1/2-1/2"]
[WhiteElo "2180"]
[BlackElo "2250"]
[PlyCount "45"]
[EventDate "1998.01.25"]
[Source "4NCL"]
[SourceDate "1998.01.01"]

1. Nf3 d6 2. d4 Nf6 3. g3 g6 4. Bg2 Bg7 5. O-O O-O 6. c4 Nbd7 7. Nc3 e5 8. e4
c6 9. h3 Qb6 10. d5 cxd5 11. cxd5 Nc5 12. Ne1 Bd7 13. Nd3 Nxd3 14. Qxd3 Rfc8
15. Rb1 Qb4 16. Be3 Rc4 17. a3 Qb3 18. Qd1 Qxd1 19. Rfxd1 b6 20. Bf1 Rxc3 21.
bxc3 Nxe4 22. Rdc1 Rc8 23. c4 1/2-1/2

[Event "NCL978b Witney-Bristol2"]
[Site "Rd6"]
[Date "1998.01.25"]
[Round "6.4"]
[White "Rudd, Jack"]
[Black "Rose, Matthew"]
[Result "1-0"]
[WhiteElo "2165"]
[BlackElo "2176"]
[PlyCount "75"]
[EventDate "1998.01.25"]
[Source "4NCL"]
[SourceDate "1998.01.01"]

1. d4 Nf6 2. c4 g6 3. Nc3 Bg7 4. e4 d6 5. Bg5 h6 6. Be3 Ng4 7. Bc1 c5 8. d5 Bd4
9. Nh3 Nf6 10. f3 Bxh3 11. gxh3 Nh5 12. Ne2 Bf6 13. Qb3 Bh4+ 14. Kd1 Qd7 15. f4
Na6 16. Ng3 Ng7 17. Bd2 Rb8 18. Qc3 O-O 19. Rg1 Kh7 20. Bd3 Qxh3 21. f5 Nb4 22.
Bb1 Bf6 23. fxg6+ fxg6 24. e5 Bxe5 25. Bxg6+ Kh8 26. Qb3 Rf2 27. Qe3 Bd4 28.
Qxh6+ Qxh6 29. Bxh6 Rxb2 30. Bxg7+ Bxg7 31. Nf5 Rxh2 32. Nxg7 Kxg7 33. a3 Na6
34. Rb1 Kh6 35. Be4 Rf8 36. Rxb7 Rf4 37. Rxe7 Rff2 38. Rh7# 1-0

[Event "NCL978b Witney-Bristol2"]
[Site "Rd6"]
[Date "1998.01.25"]
[Round "6.5"]
[White "Hackett, David"]
[Black "Easton, Alex"]
[Result "1-0"]
[WhiteElo "2225"]
[BlackElo "2096"]
[PlyCount "107"]
[EventDate "1998.01.25"]
[Source "4NCL"]
[SourceDate "1998.01.01"]

1. e4 e6 2. d4 d5 3. e5 c5 4. c3 Qb6 5. Nf3 Nc6 6. Bd3 cxd4 7. cxd4 Bd7 8. O-O
Nxd4 9. Nxd4 Qxd4 10. Nc3 a6 11. Qe2 Rc8 12. Rd1 Bc5 13. a3 h5 14. Bg5 Nh6 15.
Qxh5 Qxf2+ 16. Kh1 Qxb2 17. Rf1 Qxc3 18. Bg6 Rf8 19. Rxf7 Rxf7 20. Rf1 Be7 21.
Bxf7+ Kd8 22. Bxe7+ Kc7 23. Bg6 Kb8 24. Qg5 Bb5 25. Rg1 Qc4 26. Bd6+ Ka8 27.
Bh5 Nf5 28. Re1 Qh4 29. Qxh4 Nxh4 30. Bg4 Bd7 31. Kg1 g6 32. Be2 Nf5 33. Bb4
Nd4 34. Bd3 Rg8 35. Rf1 Nc6 36. Bd6 g5 37. Rf7 Bc8 38. Bh7 Rh8 39. Rg7 Nd4 40.
Bd3 g4 41. Rxg4 Nb5 42. Bxb5 axb5 43. Rf4 Ka7 44. Bc5+ Ka6 45. Rf8 Rxf8 46.
Bxf8 Kb6 47. Kf2 Kc6 48. Ke3 Bd7 49. g4 Be8 50. h4 Bg6 51. Bb4 Bc2 52. Kf4 d4
53. Kg5 Kd5 54. Kf6 1-0